| 000 | 00879nam a22003017a 4500 | ||
|---|---|---|---|
| 001 | BR7303381 | ||
| 003 | BR-BrBNA | ||
| 005 | 20230928083950.0 | ||
| 007 | ta | ||
| 008 | 230509b bl.||||| |||| 00| 0 por d | ||
| 040 |
_aBR-BrBNA _bpor _cBiblioteca Nacional de Agricultura |
||
| 041 | _a(Por) | ||
| 072 |
_aH20 _b2110 _b4120 _b/G514 |
||
| 090 | _ 2110 BR7303381 | ||
| 100 | 1 | _aVasconcelos, A. | |
| 100 | 1 | _aMatos, A. | |
| 100 | 1 | _aMedeiros, A.G. | |
| 110 | 1 |
_aCentro de Pesquisas do Cacau, Ilheus, BA (Brasil) _91631 |
|
| 245 | 1 | _aResultados de uma campanha para o controle da podridao parda na Regiao cacaueira da Bahia [Phytophthora palmivora; Brasil] | |
| 260 | 3 |
_aIlheus, BA (Brasil): _c1971. |
|
| 300 | _a14 p. | ||
| 500 | _a5 ref. | ||
| 650 | _aCACAU | ||
| 650 | _aPODRIDAO PARDA | ||
| 650 | _aBAHIA | ||
| 909 |
_a202309 _bLucia _c55 _dLucia Elande |
||
| 942 | _cBK | ||
| 999 |
_c16050 _d16050 |
||